| 000 | 00940am a2200313a 44500 | ||
|---|---|---|---|
| 003 | AR-BaBNM | ||
| 005 | 20251128211114.0 | ||
| 008 | 252120s1975 #AR|||||||||||000 | eng|| | ||
| 020 | _a0-521-09597-2 | ||
| 040 | _cAR-BaBNM | ||
| 100 | 1 | _aPaynter, John | |
| 245 | 1 | 0 |
_aSound and silence _bclassroom projects in creative music |
| 260 |
_aCambridge _bCambridge University Press _c1975 |
||
| 300 |
_a365 p. _bfot., gráfs. |
||
| 490 | 0 | _aThe resources of music series | |
| 500 | _aContiene glosario, discografía de referencia e índice alfab{etico | ||
| 650 | 4 | _aEDUCACION MUSICAL | |
| 650 | 4 | _aENSEÑANZA DE LA MUSICA | |
| 650 | 4 | _aINSTRUMENTOS MUSICALES | |
| 650 | 4 | _aMETODOS DE ENSEÑANZA | |
| 650 | 4 | _aEXPRESION ARTISTICA | |
| 653 | _aLENGUAJES ARTISTICOS | ||
| 653 | _aESTRATEGIAS DIDACTICAS | ||
| 700 | 1 | _aAston, Peter | |
| 800 | 1 | _aMellers, Wilfrid | |
| 800 | 1 | _aPaynter, John | |
| 942 | _cBK | ||
| 998 | _craquel | ||
| 999 |
_c18248 _d18248 |
||